On Black holes and gravitational waves (Record no. 14870)

MARC details
000 -LEADER
fixed length control field 00506nam a2200181Ia 4500
003 - CONTROL NUMBER IDENTIFIER
control field IN-BaIIA
008 - FIXED-LENGTH DATA ELEMENTS--GENERAL INFORMATION
fixed length control field 211028s9999 xx 000 0 eng d
020 ## - INTERNATIONAL STANDARD BOOK NUMBER
International Standard Book Number 88-7830-371-2
040 ## - CATALOGING SOURCE
Transcribing agency IIA Library
080 ## - UNIVERSAL DECIMAL CLASSIFICATION NUMBER
Universal Decimal Classification number 524.834
Item number LOI
100 ## - MAIN ENTRY--PERSONAL NAME
Personal name Loinger, Angelo
9 (RLIN) 26821
245 #0 - TITLE STATEMENT
Title On Black holes and gravitational waves
Statement of responsibility, etc. Angelo Loinger
260 ## - PUBLICATION, DISTRIBUTION, ETC.
Place of publication, distribution, etc. Viale Golgi
Name of publisher, distributor, etc. La Goliardica Pavese
Date of publication, distribution, etc. 2002
300 ## - PHYSICAL DESCRIPTION
Extent xxiii, 129p.
650 ## - SUBJECT ADDED ENTRY--TOPICAL TERM
Topical term or geographic name entry element Black holes
9 (RLIN) 7728
650 ## - SUBJECT ADDED ENTRY--TOPICAL TERM
Topical term or geographic name entry element Gravitational waves
9 (RLIN) 3825
942 ## - ADDED ENTRY ELEMENTS (KOHA)
Koha item type Books
Holdings
Withdrawn status Lost status Damaged status Not for loan Home library Current library Shelving location Date acquired Total Checkouts Full call number Barcode Date last seen Price effective from Koha item type
        IIA Library-Bangalore IIA Library-Bangalore General Stacks 26/12/2002   524.834/ LOI 15792 05/11/2021 26/12/2002 Books

Powered by Koha